000
00259nam a2200097Ia 4500
001
644445
005
20250826153605.0
008
250824s9999 xx 000 0 und d
245
0
_a
Bilime Giriş Kuyrukluyıldızlar ve Meteorlar
260
_b
TÜBİTAK YAYINLARI
999
_c
644445
_d
644445